00489 a2200169 450000100060000002000150000604000240002110000170004524000380006224500330010030000070013336200090014065000430014994200070019295201030019999900170030270968 a0582512425 cAnchieta - Itaigara aWong, Arlene10aTown mouse and country mouselIng10aTown mouse and country mouse a150 a2002 4aLiteratura infanto-juvenil em inglês cBK 00104070a88.1b88.1d2023-11-21l0o028.573 TOWp4906/ITAr2023-11-21 20:06:12w2023-11-21yBK c70968d70968